|
|
|
|
| LEADER |
01173nam a2200349 a 4500 |
| 001 |
000041926 |
| 003 |
4689 |
| 005 |
20190727101049.0 |
| 008 |
171030s2000 |
| 020 |
|
|
|a 1864085509
|
| 040 |
|
|
|a lnn
|c lnn
|d lnn
|
| 041 |
0 |
|
|a eng
|
| 082 |
1 |
4 |
|a 415
|b Us-F
|
| 245 |
0 |
0 |
|a Using functional grammar :
|b an explorer's guide /
|c David Butt,...
|
| 250 |
|
|
|a 2nd ed.
|
| 260 |
|
|
|a Sydney :
|b National centre for English language teaching and research, Macquarie University,
|c 2000.
|
| 300 |
|
|
|a vii, 346p.
|
| 630 |
0 |
4 |
|a Linguistics.
|
| 650 |
0 |
4 |
|a English language
|x Grammar.
|
| 650 |
0 |
4 |
|a Discourse analysis.
|
| 650 |
0 |
4 |
|a Interpersonal relations.
|
| 650 |
0 |
4 |
|a Functionalism (Linguistics)
|
| 700 |
1 |
|
|a Butt, David.
|
| OWN |
|
|
|a LNN
|
| AVA |
|
|
|a UDN50
|b LNN
|c English
|d 415 Us-F
|e available
|t Error 5001 Not defined in file expand_doc_bib_avail.
|f 1
|g 0
|h N
|i 0
|j AN
|k 1
|
| 999 |
|
|
|a From the UDN01
|
| AVA |
|
|
|a UDN50
|b LNN
|c English
|d 415 Us-F
|e available
|t Error 5001 Not defined in file expand_doc_bib_avail.
|f 1
|g 0
|h N
|i 0
|j AN
|k 1
|
| TYP |
|
|
|a Monograph
|
| TYP |
|
|
|a Printed language
|
| 980 |
|
|
|a Mạng thư viện Đại học Đà Nẵng
|